Welcome to CU Library Online Public Access Catalogue (OPAC)

The generation that knew not Josef : (Record no. 2489)

MARC details
000 -LEADER
fixed length control field 00590pam a2200193 a 4500
001 - CONTROL NUMBER
control field 4733963
005 - DATE AND TIME OF LATEST TRANSACTION
control field 20250109111644.0
008 - FIXED-LENGTH DATA ELEMENTS--GENERAL INFORMATION
fixed length control field 841120s1985 oru b 001 0 eng
020 ## - INTERNATIONAL STANDARD BOOK NUMBER
International Standard Book Number 0880700815
050 00 - LIBRARY OF CONGRESS CALL NUMBER
Classification number HX536
Item number .B468 1985
082 00 - DEWEY DECIMAL CLASSIFICATION NUMBER
Classification number 335.43
Edition information 19
100 1# - MAIN ENTRY--PERSONAL NAME
Personal name Billingsley, Lloyd.
245 14 - TITLE STATEMENT
Title The generation that knew not Josef :
Remainder of title a critique of Marxism and the religious Left /
Statement of responsibility, etc. Lloyd Billingsley.
260 ## - PUBLICATION, DISTRIBUTION, ETC.
Place of publication, distribution, etc. Portland, Or. :
Name of publisher, distributor, etc. Multnomah Press,
Date of publication, distribution, etc. c1985.
300 ## - PHYSICAL DESCRIPTION
Extent 217 p. ;
Dimensions 22 cm.
500 ## - GENERAL NOTE
General note Includes index.
650 #0 - SUBJECT ADDED ENTRY--TOPICAL TERM
Topical term or geographic name entry element Communism and religion.
942 ## - ADDED ENTRY ELEMENTS (KOHA)
Source of classification or shelving scheme Library of Congress Classification
Koha item type Books
Suppress in OPAC No
999 ## -
-- 2489
-- 2489
Holdings
Withdrawn status Lost status Source of classification or shelving scheme Damaged status Not for loan Collection Home library Current library Shelving location Date acquired Total checkouts Full call number Barcode Date last seen Copy number Price effective from Koha item type
    Library of Congress Classification     Non-fiction Undergraduate Library (Christ Temple) Undergraduate Library (Christ Temple) General stacks 01/09/2025   HX536 BIL ulct00000761 01/09/2025 1 01/09/2025 Books
© 2023-2024 Copyright: Central University Libraries. All Rights Reserved | Created by: Mahone Tech Office